000 00218nam a2200097Ia 4500
005 20251222114351.0
008 251222s1900||||xx |||||||||||||| ||spa||
082 _aDVD0092/G26
245 0 _aEl Virrey Palafox:
942 _cDVD
999 _c1240
_d1240